000 00870nam a2200193Ia 4500
003 GCL
005 20240530102119.0
008 140319s9999 xx 000 0 ara d
040 _aGCL /
_cGCL
082 0 4 _a220
_bس أ
100 1 _aالسيوطى : جلال الدين ابوالفضل عبدالرحمن بن ابى بكر بن محمد الخضيرى
245 1 2 _aالاتقان فى علوم القران /
_cالسيوطى : جلال الدين ابوالفضل عبدالرحمن بن ابى بكر بن محمد الخضيرى
260 _aبيروت :
_bدار الكتب العلمية للنشر والتوزيع
300 _a2 مج ؛
_c24 سم
500 _aبالهامش اعجاز القران : تاليف القاضى ابو بكر الباقلانى
650 0 4 _aالعلوم القرانية
650 0 4 _aالقران
942 _2ddc
_cBK
999 _c29922
_d29922